| 000 | 00627nam a22001937a 4500 | ||
|---|---|---|---|
| 999 |
_c135939 _d135939 |
||
| 005 | 20181117135713.0 | ||
| 010 | _aB-098840 | ||
| 020 |
_c200.00 _a8187649429 |
||
| 035 | _aB-098840, B-098849 B-98852 | ||
| 037 | _bCen Lib/Ret | ||
| 082 |
_aS _bASO |
||
| 245 |
_aAsomiya : _bhandpicked fictions / |
||
| 260 |
_aNew Delhi _bKatha _c2003 |
||
| 270 |
_aA-3, Sarvodya Enclave, Sri Aurobindo Marg _bNew Delhi _e110017 |
||
| 300 |
_a198p. _c20cm(pbk) |
||
| 650 | _aShort stories, Assamese -- Translations into English. | ||
| 650 | _aAssamese fiction -- 20th century -- Translations into English. | ||
| 942 |
_2ddc _cEN _hS _mASO |
||